Dictionary of government politics / (Record no. 16296)
[ view plain ]
| 000 -LEADER | |
|---|---|
| fixed length control field | 00340cam a22001455a 4500 |
| 020 ## - INTERNATIONAL STANDARD BOOK NUMBER | |
| ISBN | 0948549890 : |
| 040 ## - CATALOGING SOURCE | |
| Transcribing agency | DLC |
| 082 ## - DEWEY DECIMAL CLASSIFICATION NUMBER | |
| Classification number | 320 LON 1997 A089 Or. |
| 100 1# - MAIN ENTRY--AUTHOR NAME | |
| Personal name | Collin, P. H. |
| 245 10 - TITLE STATEMENT | |
| Title | Dictionary of government politics / |
| 250 ## - EDITION STATEMENT | |
| Edition statement | 2nd ed. |
| 260 ## - PUBLICATION, DISTRIBUTION, ETC. (IMPRINT) | |
| Place of publication | London : |
| Name of publisher | P. Collin Pub., |
| Year of publication | [1997] |
| 300 ## - PHYSICAL DESCRIPTION | |
| Number of Pages | 280 p. |
| 942 ## - ADDED ENTRY ELEMENTS (KOHA) | |
| Koha item type | សៀវភៅភាសាអង់គ្លេស |
| 952 ## - LOCATION AND ITEM INFORMATION (KOHA) | |
| Withdrawn status [LOCAL, KOHA] | 0 |
| Permanent Location | Date acquired | Koha item type | Lost status | Shelving location | Barcode | Current Location | Full call number |
|---|---|---|---|---|---|---|---|
| Library Block A | 2018-02-02 | សៀវភៅភាសាអង់គ្លេស | A089 | A07275 | Library Block A | 320 LON 1997 A089 Or. |